BIBLIOTECA PODER JUDICIAL
Portal Judicial TDF

Tensión entre la vocación sucesoria del cónyuge y la ausencia de vocación sucesoria del conviviente / (Registro nro. 6231)

000 -LEADER
fixed length control field 01391nab a22002537a 4500
003 - CONTROL NUMBER IDENTIFIER
control field OSt
005 - DATE AND TIME OF LATEST TRANSACTION
control field 20260126033506.0
008 - FIXED-LENGTH DATA ELEMENTS--GENERAL INFORMATION
fixed length control field 190514b xxu||||| |||| 00| 0 spa d
040 ## - CATALOGING SOURCE
Transcribing agency PJ
100 ## - MAIN ENTRY--PERSONAL NAME
9 (RLIN) 6952
Personal name De Oliveira, Juan José
245 10 - TITLE STATEMENT
Title Tensión entre la vocación sucesoria del cónyuge y la ausencia de vocación sucesoria del conviviente /
Statement of responsibility, etc Juan José de Oliveira.
300 ## - PHYSICAL DESCRIPTION
Extent p. 118-121
500 ## - GENERAL NOTE
General note Cita: TR LALEY AR/DOC/2666/2024.
505 ## - FORMATTED CONTENTS NOTE
Formatted contents note Sumario: I. Sobre el fallo.— II. Las uniones convivenciales.— III. Tensión entre los derechos hereditarios que derivan del matrimonio y los que derivan de la unión convivencial.— IV. La vocación sucesoria del conviviente en la actualidad.— V. Perspectiva hacia futuro.— VI. Conclusión.
505 ## - FORMATTED CONTENTS NOTE
Title Fallo comentado: JCiv. y Com., Conciliación y Familia 1a Nom., Bell Ville ~ 10/06/2024 ~ Schmid, Eduardo Walter s/ declaratoria de herederos - incidente de exclusión de vocación hereditaria.
650 #0 - SUBJECT ADDED ENTRY--TOPICAL TERM
9 (RLIN) 967
Topical term or geographic name as entry element DERECHO DE FAMILIA
650 #0 - SUBJECT ADDED ENTRY--TOPICAL TERM
9 (RLIN) 888
Topical term or geographic name as entry element SUCESIONES
650 #0 - SUBJECT ADDED ENTRY--TOPICAL TERM
9 (RLIN) 5369
Topical term or geographic name as entry element CÓNYUGE
650 #0 - SUBJECT ADDED ENTRY--TOPICAL TERM
9 (RLIN) 1080
Topical term or geographic name as entry element VOCACION HEREDITARIA
650 #0 - SUBJECT ADDED ENTRY--TOPICAL TERM
9 (RLIN) 5370
Topical term or geographic name as entry element CONVIVIENTE
650 #0 - SUBJECT ADDED ENTRY--TOPICAL TERM
9 (RLIN) 1057
Topical term or geographic name as entry element JURISPRUDENCIA APLICABLE
773 0# - HOST ITEM ENTRY
Host Biblionumber 2844
Host Itemnumber 3222
Place, publisher, and date of publication Buenos Aires : AbeledoPerrot, 1989-
Title Derecho de familia. Revista Interdisciplinaria de doctrina y jurisprudencia. Diciembre 2024-VI.
International Standard Book Number 18511201
942 ## - ADDED ENTRY ELEMENTS (KOHA)
Source of classification or shelving scheme
Koha item type Analítica Artículo de Revista

No hay ítems disponibles.

12 de Octubre 789 Ushuaia - Tel:  54(02901)441571
Horario de Atención: 8.00 a 17.00 hs. 
bibliotecaush@justierradelfuego.gov.ar
koha@justierradelfuego.gov.ar
Seguinos en nuestras redes @bibliojustdf 

Con tecnología Koha